Word Ladder: Noble Titles Quiz Stats

 Plays Quiz Updated Dec 3, 2014

Challenge
Share
Tweet
Embed
Score 0/18 Timer 03:00
2 Plays Today
Hint 4-Letter Word % Correct
Basic dictionary entryWORD
96.3%
Division of city or hospitalWARD
95.9%
Type of Tea: ____ Grey♕EARL♕
95.7%
ImpoliteRUDE
95.6%
Give noticeWARN
93.8%
Circle of precious metalRING
93.3%
VomitPUKE
92.8%
Tom Riddle's title♕LORD♕
92.1%
Garner wagesEARN
91.8%
Hint 4-Letter Word % Correct
BroDUDE
91.5%
Home of the Blue Devils♕DUKE♕
90.1%
Tennis star Billie Jean ____♕KING♕
89.8%
Sagan or Jung, e.g.CARL
89.2%
Ancient symbolRUNE
89.1%
One of eighteen in this ladderRUNG
88.8%
UnsulliedPURE
85.3%
Coil or ringletCURL
84.8%
Knitter's stitchPURL
81.8%

Today's Daily Dose

You're not logged in!

Compare scores with friends on all Sporcle quizzes.
Join for Free
OR
Log In

You Might Also Like...

Show Comments

Extras

Top Quizzes Today


Score Distribution

Your Account Isn't Verified!

In order to create a playlist on Sporcle, you need to verify the email address you used during registration. Go to your Sporcle Settings to finish the process.

Report this User

Report this user for behavior that violates our Community Guidelines.

Details: